000 00309nam a22001337a 4500
020 _a0-440-86416-X
082 _a823
_bWIL/C
100 _aJACQUELINE WILSON
245 _aTHE CAT MUMMY
260 _aLONDON
_bCORGI YEARLING
_c2002
300 _a96
650 _aCHILDREN'S STORY BOOK
_zUNITED KINGDOM
942 _cBK
999 _c114
_d114